| 000 | 00654cam a2200241 a 4500 | ||
|---|---|---|---|
| 001 | 3565846 | ||
| 003 | OSt | ||
| 005 | 20160217131551.0 | ||
| 008 | 980227s1993 enkab 001 0 eng | ||
| 010 | _a 98120686 | ||
| 020 | _a0091771757 | ||
| 040 | _aSEKU | ||
| 043 | _ae-uk--- | ||
| 050 | 0 | 0 |
_aDA 667 _b.H39 |
| 100 | 1 | _aHawkes, Jason. | |
| 245 | 1 | 0 |
_aBritain from the air / _cphotographs by Jason Hawkes ; text by Jane Struthers. |
| 260 |
_aLondon : _bEdbury Press, _c1993. |
||
| 300 |
_a191 p. : _bcol. ill., maps ; |
||
| 500 | _aIncludes index. | ||
| 651 | 0 |
_aGreat Britain _xAerial views. |
|
| 700 | 1 | _aStruthers, Jane. | |
| 942 |
_2lcc _cGEN |
||
| 999 |
_c11060 _d11060 |
||